Le code Napoleon un ancetre venere? Melanges offerts a Jacques Vanderlinden
Sparad:
| Huvudupphovsmän: | , |
|---|---|
| Materialtyp: | Bok |
| Språk: | franska |
| Publicerad: |
Bruselas
Bruylant
2004
|
| Upplaga: | 1a. ed |
| Ämnen: | |
| Taggar: |
Lägg till en tagg
Inga taggar, Lägg till första taggen!
|
MARC
| LEADER | 00000cam a2200000 a 4500 | ||
|---|---|---|---|
| 001 | UCD8910 | ||
| 003 | CL-VaPUC | ||
| 008 | 170527e20040000be |||||||||||||||||fre|d | ||
| 020 | |a 2802719408 | ||
| 082 | 0 | 4 | |a 346.44 |b BEA |2 21 |
| 100 | 0 | |a Beauthier, Regina |e author |9 592491 | |
| 700 | 0 | |a Rorive, Isabelle |e author |9 592492 | |
| 245 | 1 | 3 | |a Le code Napoleon un ancetre venere? Melanges offerts a Jacques Vanderlinden |
| 250 | |a 1a. ed | ||
| 300 | |a 576 p | ||
| 942 | |c BK | ||
| 945 | |d 20170527 00:32:00 |a arojas | ||
| 260 | |a Bruselas |b Bruylant |c 2004 | ||
| 650 | 0 | |a Derecho francés |9 385145 | |
| 650 | 7 | |a CODIGO NAPOLEON |2 CL-VaPUC |9 391959 | |
| 583 | |a last modification |c 20170529 10:43:28 |k Rodrigo Vera | ||
| 999 | |c 368216 |d 368214 | ||
| 952 | |0 0 |1 0 |3 erb |4 0 |6 346_440000000000000_BEA_2004 |7 0 |8 DER_HIS |9 483489 |a BIBDER |b BIBDER |i 5378559 |l 1 |o 346.44 BEA 2004 |p 5378559 |r 2023-01-25 |s 2020-03-17 |w 2019-11-24 |x Ubicación 4to Piso |y BK |z Estos recursos deben solicitarse con anticipación |k DER | ||